| 000 | 00889nam a22002537a 4500 | ||
|---|---|---|---|
| 005 | 20170123162312.0 | ||
| 010 | _aB-209108 | ||
| 020 |
_c175.00 _a8182232570 |
||
| 035 | _aB-209108 | ||
| 037 | _bCen Lib/Ret | ||
| 040 |
_aDPL _bUR |
||
| 082 |
_a ک _bص د ی |
||
| 100 |
_aسددیقی ، ادریس _9112478 |
||
| 245 |
_aمورو آمی : _cادریس سددقی _bبچو کی کی کہانیاں / |
||
| 246 |
_aMoro aami : bachcho ki kahaniyan / _bby Idris Siddiqui |
||
| 260 |
_a دہلی _bاىجوکىشنل پبلشنگ هاؤس _c2007 |
||
| 270 |
_a٣٠١٨، گلی وکیل کوچہ پنڈت، لال کوان _b دہلی _e110006 |
||
| 300 |
_a220p. _c21cm(Hb) |
||
| 650 |
_a ادب - اردو _9112479 |
||
| 650 |
_a اردو کہانیاں _9818 |
||
| 650 |
_aLiterature -- Urdu _9112480 |
||
| 650 |
_aUrdu stories _9112481 |
||
| 942 |
_2ddc _cUR _hک _mص د ی |
||
| 999 |
_c106491 _d106491 |
||